000
00250nam a2200109Ia 4500
008
220204s9999 xx 000 0 und d
082
_a
82-3
_b
ROB
100
_a
Robinson, Jill
245
0
_a
Bedtime story
260
_a
London
_b
Arrow
_c
1978
942
_c
BK
999
_c
33984
_d
33984